| 000 | 01223nam1a22003251i 4500 | ||
|---|---|---|---|
| 001 | v19\rc\1792146 | ||
| 005 | 20260407003221.0 | ||
| 035 | _a(NLR Aleph) 004883451 | ||
| 090 |
_a5194687 _c5194687 |
||
| 100 | _a20061204d19051908|||y0rusy50 ca | ||
| 101 | 0 | _arus | |
| 102 | _aRU | ||
| 105 | _a z ||||| | ||
| 200 | 1 |
_aНародное образование в Казанской губернии _e[1] _fСтат. отд-ние Казанск. губ. земской управы |
|
| 210 |
_aКазань _cКазанск. губ. земство _d1905-1908 |
||
| 215 | _d25 | ||
| 300 | _aИзд. вып. 1-4 не указано | ||
| 300 | _aНадзаг. вып. 5-6 не указан | ||
| 300 | _aПронумеровано по предисл. вып. 6 | ||
| 712 | 0 | 2 |
_aКазанская губ. земская управа _bСтатистическое отделение _9484262 _3RU\NLR\AUTH\889993832 |
| 801 | 0 |
_aRU _bNLR _gpsbo |
|
| 801 | 0 |
_aRU _bRuMoRGB _2psbo |
|
| 801 | 1 |
_aRU _bProSoft-M _2rusmarc |
|
| 852 |
_aNLR _bЗем _j13/188 |
||
| 899 |
_aRuMoRGB _jN 54/3 |
||
| 899 |
_aRuMoRGB _jF 144/24 |
||
| 899 | _aБАН (1, 2, 4-6) | ||
| 899 | _aНБ СПбГУ (1-5) | ||
| 899 | _aГПИБ (1) | ||
| 942 | _cBOOK | ||